| 000 | 01201nam a22003497a 4500 | ||
|---|---|---|---|
| 003 | CHAP | ||
| 005 | 20220329133432.0 | ||
| 008 | 971013s1991 r 00010 d | ||
| 010 | _a6352 | ||
| 011 | _a7324 | ||
| 035 | _a6547 | ||
| 040 | _cCHAP | ||
| 090 | _aTesis | ||
| 100 | 0 | 0 |
_aRodríguez Badillo, Gerardo. _998307 |
| 245 | _aEvaluación ex post al proyecto Empacadoras de Durazno de la Unión de Ejidos Emiliano Zapata, municipio de Jeréz, Zacatecas | ||
| 260 |
_aChapingo, Méx. : _bEl autor, _c1991 |
||
| 300 |
_a171 h. _e+ 14 h. |
||
| 500 | _a61-249 | ||
| 502 | _aTesis (Ing. Agr. Esp. en Zonas Aridas) -- UACH. Departamento de Zonas Aridas | ||
| 590 |
_aALEPH _b10 _c20130110 _lUCH01 _h1218 |
||
| 590 |
_aBATCH-UPD _b10 _c20130110 _lUCH01 _h0028 |
||
| 590 |
_aBATCH-UPD _b10 _c20130110 _lUCH01 _h2133 |
||
| 590 |
_aBATCH-UPD _b10 _c20130409 _lUCH01 _h2010 |
||
| 590 |
_aBATCH-UPD _b10 _c20130914 _lUCH01 _h1224 |
||
| 590 |
_aCONVERSION _b10 _c20130109 _lUCH01 _h1305 |
||
| 650 | 1 | 4 |
_aDurazno _xEmpaque. _934593 |
| 650 | 1 | 4 |
_aDurazno _xZacatecas. _934636 |
| 901 | _aBK | ||
| 942 | _cFOLL | ||
| 949 |
_bBC _cTES _d-16154 _eTS1 _h25554 _i6547 _si |
||
| 949 |
_bBC _cTES _d-79904 _eTS2 _fc.2 _h25555 _i6547 _si |
||
| 999 |
_c6352 _d6352 |
||